Študijný program Fakulty hospodárskej informatiky Ekonomická univerzita v Bratislave 2002/2003
Enregistré dans:
| Collectivité auteur: | |
|---|---|
| Autres auteurs: | , |
| Format: | Livre |
| Langue: | slovaque |
| Publié: |
Bratislava
Ekonóm
2002
|
| Sujets: | |
| Tags: |
Pas de tags, Soyez le premier à ajouter un tag!
|
MARC
| LEADER | 00000nam a2200000 4500 | ||
|---|---|---|---|
| 001 | c136758 | ||
| 005 | 20240502071322.4 | ||
| 020 | |a 80-225-1578-7 | ||
| 041 | 0 | |a slo | |
| 044 | |a SK | ||
| 245 | 1 | 0 | |a Študijný program Fakulty hospodárskej informatiky |b Ekonomická univerzita v Bratislave 2002/2003 |c [zostavili: Ivan Brezina, Elena Kordošová] |
| 264 | 1 | |a Bratislava |b Ekonóm |c 2002 | |
| 300 | |a 157 s. | ||
| 610 | 2 | 0 | |a programy študijné |
| 610 | 2 | 0 | |a univerzity |
| 610 | 2 | 0 | |a vzdelávanie vysokoškolské |
| 700 | 1 | |a Brezina, Ivan, 1963- | |
| 700 | 1 | |a Kordošová, Elena | |
| 710 | 2 | |a Ekonomická univerzita v Bratislave. Fakulta hospodárskej informatiky | |